Cashew-nut of small householders in prasat sambor district, kampong thom province ផលិតកម្មដំណាំស្វាយចន្ទីជាលក្ខណៈគ្រួសារនៅស្រុកប្រាសាទសំបូរ ខេត្តកំពង់ធំ (Record no. 1066)
[ view plain ]
| 000 -LEADER | |
|---|---|
| fixed length control field | 00651nam a22001577a 4500 |
| 003 - CONTROL NUMBER IDENTIFIER | |
| control field | OSt |
| 005 - DATE AND TIME OF LATEST TRANSACTION | |
| control field | 20150922142454.0 |
| 008 - FIXED-LENGTH DATA ELEMENTS--GENERAL INFORMATION | |
| fixed length control field | 150922b xxu||||| |||| 00| 0 eng d |
| 040 ## - CATALOGING SOURCE | |
| Transcribing agency | RUA |
| 082 ## - DEWEY DECIMAL CLASSIFICATION NUMBER | |
| Classification number | AGR NAN 2007 B034 Or.1 |
| 100 ## - MAIN ENTRY--PERSONAL NAME | |
| 9 (RLIN) | 1114 |
| Personal name | NAN, SENGDINA. |
| 245 ## - TITLE STATEMENT | |
| Title | Cashew-nut of small householders in prasat sambor district, kampong thom province ផលិតកម្មដំណាំស្វាយចន្ទីជាលក្ខណៈគ្រួសារនៅស្រុកប្រាសាទសំបូរ ខេត្តកំពង់ធំ |
| 260 ## - PUBLICATION, DISTRIBUTION, ETC. (IMPRINT) | |
| Place of publication, distribution, etc. | Phnom Penh |
| Name of publisher, distributor, etc. | RUA |
| Date of publication, distribution, etc. | 2007 |
| 300 ## - PHYSICAL DESCRIPTION | |
| Extent | 58p. |
| Other physical details | ill. |
| Dimensions | 29cm. |
| 942 ## - ADDED ENTRY ELEMENTS (KOHA) | |
| Source of classification or shelving scheme | |
| Koha item type | AGR |
| Price effective from | Date last seen | Permanent Location | Not for loan | Date acquired | Source of classification or shelving scheme | Koha item type | Lost status | Withdrawn status | Date last checked out | Total Checkouts | Damaged status | Barcode | Shelving location | Current Location | Full call number |
|---|---|---|---|---|---|---|---|---|---|---|---|---|---|---|---|
| 2015-09-22 | 2015-09-22 | Library Block B | 2015-09-22 | AGR | RUA008441 | Library Block B | AGR NAN 2007 B034 Or.1 | ||||||||
| 2015-09-22 | 2015-09-22 | Library Block B | 2015-09-22 | AGR | RUA008442 | Library Block B | AGR NAN 2007 B034 Or.2 | ||||||||
| 2015-09-23 | 2025-12-16 | Library Block B | 2015-09-23 | AGR | 2025-11-14 | 1 | RUA002886 | Library Block B | AGR NAN 2007 B034 Or.3 | ||||||
| 2015-09-23 | 2026-05-29 | Library Block B | 2015-09-23 | AGR | 2026-05-08 | 2 | RUA002672 | Library Block B | AGR NAN 2007 B034 Or.4 | ||||||
| 2015-09-23 | 2015-09-23 | Library Block B | 2015-09-23 | AGR | RUA002815 | Library Block B | AGR NAN 2007 B034 Or.5 | ||||||||
| 2019-01-21 | 2024-12-13 | Library Block B | 2019-01-21 | AGR | 2024-12-06 | 4 | A41058 | B1.210 | Library Block B | AGR NAN 2007 B1.210 Or.1 |